000 01044cam a2200253 4500
001 B2333
008 090401t1989 xxu||||| |||| 00| 0 eng d
035 _a(Sirsi) u49393
041 _aeng
050 _a711.1
110 _aJournal of Planning and Environment Law
_92913
245 _aMaking the most of our heritage? Papers from a conference held at Oxford,September 1988, organised by the Bar Council , the Law Society and the Royal Institution of Chartered Surveyors
260 _aLondon
_bSweet and Maxwell
_c1989
300 _aii,69p. ; 25cm.
350 _a20.95
490 _aJournal of Planning and Environment Law Occasional Paper
_v15
520 _aPapers by Boddington,M.A.B. ; Lloyd,J. ; Fitzgerald,M. ; Falk,N.P.H. ; Graham,G- . ; Suddards,R.W. Summerton,N.W. Papers:- Agriculture and the rural economy. - Architecture and the built environment. - Heritage legislation.
650 _aCONSERVATION
650 _aDEVELOPMENT
650 _aFARM LAND
650 _aHISTORIC BUILDINGS
942 _n0
948 _c04/03/1997
999 _c92559
_d92559